1934 FIFA World Cup Host Cities and Stadiums - Statistics

General Stats
  • This quiz has been taken 40 times
  • The average score is 10 of 16
Answer Stats
Picture Hint Answer % Correct
Italy Milano
100%
Italy Roma
100%
Italy Firenze
94%
Italy Bologna
88%
Italy Napoli
88%
Italy Torino
88%
3 games | Capacity: 55.000 Stadio Comunale di San Siro
75%
Italy Genova
69%
2 games | Capacity: 28.140 Stadio Municipale Benito Mussolini
63%
Italy Trieste
50%
1 game | Capacity: 36.703 Stadio Comunale Luigi Ferraris
44%
3 games | Capacity: 47.290 Stadio Giovanni Berta
44%
2 games | Capacity: 50.100 Stadio Littoriale
38%
3 games | Capacity: 47.300 Stadio Nazionale del PNF
31%
1 game | Capacity: 8.000 Stadio Littorio
25%
2 games | Capacity: 40.000 Stadio Partenopeo
25%
No matching quizzes found
Score Distribution
Percent of People with Each Score
Percentile by Number Answered
Your Score History
You have not taken this quiz